Manejo de plagas del nogal

Enregistré dans:
Détails bibliographiques
Auteurs principaux: Ripa Schaul, Renato (autor), Luppichini B., Paola (Auteur)
Format: Livre
Langue:espagnol
Publié: La Cruz INIA 2010
Collection:Libros INIA, 25
Sujets:
Tags: Ajouter un tag
Pas de tags, Soyez le premier à ajouter un tag!

MARC

LEADER 00000cam a2200000 a 4500
001 UCG2711
003 CL-VaPUC
008 100723e20100000CL |||||||||||||||||spa|d
020 |a 9789567016389 
082 0 4 |a 632.7  |b RIP  |2 21 
100 |a Ripa Schaul, Renato  |e autor  |9 788171 
700 0 |a Luppichini B., Paola  |e author  |9 551258 
245 1 0 |a Manejo de plagas del nogal 
300 |a 116 p 
942 |c BK 
945 |d 20100723 00:00:00  |a dcastane 
260 |a La Cruz  |b INIA  |c 2010 
650 0 |a Plagas agrícolas   |9 264238 
650 0 |a Control de plagas  |9 327373 
650 7 |a FENOLOGIA  |2 CL-VaPUC  |9 358452 
650 0 |a Insectos   |9 264174 
583 |a last modification  |c 20140616 02:18:07  |k Rodrigo Vera 
490 0 |a Libros INIA, 25 
999 |c 341838  |d 341836 
952 |0 0  |1 0  |4 0  |6 632_700000000000000_RIP_2010  |7 0  |8 A  |9 437623  |a BIBAGR  |b BIBAGR  |d 2019-11-22  |i 4695488  |l 1  |o 632.7 RIP 2010  |p 4695488  |r 2025-01-20  |s 2024-12-02  |w 2019-11-22  |y BK  |k AGR 
952 |0 0  |1 0  |3 erd  |4 0  |6 632_700000000000000_RIP_2010  |7 0  |8 A  |9 437624  |a BIBAGR  |b BIBAGR  |i 508511K  |o 632.7 RIP 2010  |p 508511K  |r 2025-01-20  |w 2019-11-22  |y BK  |z Catalogado en:20140619  |k AGR